| 000 | 00892nam a2200265 a 4500 | ||
|---|---|---|---|
| 001 | BRCA_1199 | ||
| 005 | 20190320203326.0 | ||
| 008 | 940112s1993 gt-a---##b---#001-0#spa-c | ||
| 020 | _a9977120838 | ||
| 041 | _aspaeng | ||
| 050 | 4 |
_aNB276 _b.L85 1993 |
|
| 100 | 1 |
_aLuján Muñoz, Luis _91328 |
|
| 245 | 1 | 0 |
_aImágenes de oro _cLuis Luján Muñoz, Miguel Alvarez Arévalo |
| 260 |
_aGuatemala _bCorporación G _c1993 |
||
| 300 |
_a200 p. _bil. a color _c39 cm. |
||
| 440 | 0 |
_aGalería Guatemala _v2 _93940 |
|
| 500 | _aIndice Alfabetico | ||
| 504 | _aIncluye referencias bibliográficas | ||
| 546 | _aTexto en: español e inglés | ||
| 650 | 1 | 4 |
_aEscultura colonial _xTrabajos Ilustrados _zGuatemala _93941 |
| 650 | 1 | 4 |
_aArte cristiano y simbolismo _xTrabajos Ilustrados _zGuatemala _93942 |
| 650 | 1 | 4 |
_aSantos en el arte _92342 |
| 700 | 1 |
_aAlvarez Arévalo, Miguel _93943 |
|
| 942 |
_2lcc _cB |
||
| 999 |
_c1072 _d1072 |
||